Water [Journal on Water Science and Technology]

Uložené v:
Podrobná bibliografia
Médium: Seriál
Jazyk:English
Vydavateľské údaje: Basel MDPI
Tagy: Pridať tag
Žiadne tagy, Buďte prvý, kto otaguje tento záznam!

MARC

LEADER 00000nas1a2200000 4500
001 0312648
005 20251007081313.9
022 |a 2073-4441 
041 0 |a eng 
044 |a CH 
245 1 0 |a Water  |b [Journal on Water Science and Technology] 
264 1 |a Basel  |b MDPI